Manual de casos prc̀ticos del Impuesto empresarial de tasa n︢ica IETU /

Detalles Bibliográficos
Autor principal: Fol Olguin, Raymundo
Otros Autores: Přez Chavez, Još
Formato: Desconocido
Lenguaje:español
Publicado: Mx̌ico : Tax Editores, 2009
Materias:
Acceso en línea:Acceso restringido

MARC

LEADER 00000ny a22000003n 4500
005 20110601125120.0
008 100325s2009 mx s 000 0 spa d
020 |a 6074400512 
035 |a 4706 
040 |a UMA.RE  |d vLex 
090 |c 397  |d 397 
100 1 |a Fol Olguin, Raymundo 
245 1 0 |a Manual de casos prc̀ticos del Impuesto empresarial de tasa n︢ica  |h [Recurso electrn̤ico]  |b IETU /  |c Raymundo Fol Olguin, Jos ̌Přez Chavez 
256 |a Servicio en ln̕ea 
260 |a Mx̌ico :  |b Tax Editores,  |c 2009 
506 1 |a Contenido solo disponible en los productos indicados  |d vLex Global  |d vLex Global (Academic Edition, excluding Law Schools)  |d vLex Global (U.S. Academic Edition, Law Schools)  |d vLex Global (U.S. Academic Edition, excluding Law Schools)  |d vLex Global (Academic Edition, Law Schools) 
650 0 4 |a Empresas  |x Impuesto  |x Derecho  |z Mx̌ico 
650 0 4 |a Personas (Derecho internacional)  |x Publicaciones perid̤icas 
700 1 |a Přez Chavez, Još 
740 0 |a vLex Libros (Servicios en ln̕ea) 
856 4 0 |u http://vlex.com/source/4706  |z Acceso restringido 
942 |c BOOK 
999 0 |a Business enterprises  |b Mexic